00600nam a2200217 4500003000400000005001700004008004100021040002300062041000800085050001600093100003900109245003200148264004200180300001800222336002200240337002400262338002400286650004000310942001500350999001700365OSt20260530113913.0260506b1971 sp ||||| |||| 00| 0 spa d aICIbspacICIerda aspa aHD6955bM62 aMoore, Wilbert Elliseautor933752 aEl impacto de la industria.1 aBarcelona : bEditorial Labor, c1971 a159 páginas 2rdacontentatexto 2rdamediaasin medio 2rdacarrieravolumen4 aIndustriaxAspectos sociales933753 2lccn1cBK c12208d12208